Urbanisms in South Asia: (Record no. 183547)
[ view plain ]
| 000 -LEADER | |
|---|---|
| fixed length control field | 00607 a2200181 4500 |
| 005 - DATE AND TIME OF LATEST TRANSACTION | |
| control field | 20211228144951.0 |
| 010 ## - LCCN (DPL NO) | |
| LC control number | ENG-130711 |
| 020 ## - INTERNATIONAL STANDARD BOOK NUMBER | |
| International Standard Book Number | 978-93-90022-33-5 |
| Terms of availability | 1195.00 |
| 035 ## - SYSTEM CONTROL NUMBER | |
| System control number | EN-114243 |
| 037 ## - SOURCE OF ACQUISITION | |
| Source of stock number/acquisition | DBAD/PUB |
| 082 ## - DEWEY DECIMAL CLASSIFICATION NUMBER | |
| Classification number | 307.760954 |
| 245 ## - TITLE STATEMENT | |
| Title | Urbanisms in South Asia: |
| Remainder of title | Northeast India Outside-In/ |
| Statement of responsibility, etc | Meeta Deka |
| 260 ## - PUBLICATION, DISTRIBUTION, ETC. (IMPRINT) | |
| Place of publication, distribution, etc | Delhi |
| Name of publisher, distributor, etc | Primus Books |
| Date of publication, distribution, etc | 2020 |
| 270 ## - ADDRESS | |
| Address | Virat Bhawan, Mukherjee Nagar, Commercial Complex |
| City | Delhi |
| Postal code | 110009 |
| 300 ## - PHYSICAL DESCRIPTION | |
| Extent | vii-ix, 340p. |
| Dimensions | 24cm (hbk) |
| Other physical details | Map, Figures and Tables Index |
| 700 ## - ADDED ENTRY--PERSONAL NAME | |
| Personal name | Deka, Meeta |
| 942 ## - ADDED ENTRY ELEMENTS (KOHA) | |
| Institution code [OBSOLETE] | dpl |
| Item type | English Books |
| Source of classification or shelving scheme | Dewey Decimal Classification |
| Classification part | 307.760954 |
| Call number suffix | URB |
| Withdrawn status | Lost status | Not for loan | Collection code | Home library | Current library | Date acquired | Source of acquisition | Cost, normal purchase price | Full call number | Barcode | Copy number | Cost, replacement price | Koha item type |
|---|---|---|---|---|---|---|---|---|---|---|---|---|---|
| Non-fiction | Mobile Library | Mobile Library | 28/12/2021 | DBAD/PUB | 1195.00 | 307.760954 URB | EN-114243 | 1 | 1195.00 | English Books |
